000 00386nam a22000977a 4500
008 110701t xxu||||| |||| 00| 0 eng d
010 _aLCCF134
245 _aLaw Council of Uganda LCD 31 OF 1998 Askia Muhammad II Vs Mr. Byenkya of M/S Byenkya, Kihika & Company Advocates
260 _c1998
999 _c4369
_d4369